روما والشرق الروماني
محفوظ في:
المؤلف الرئيسي:
التنسيق: كتاب
اللغة: Undetermined
منشور في:
Dimashq
almatbaeat alhashimiat
1959
سلاسل:
سلسلة محاضرات ألقيت في كلية الآداب من جامعة دمشق
الوسوم: إضافة وسم
لا توجد وسوم, كن أول من يضع وسما على هذه التسجيلة!
رقم الطلب: H30 HAQ
| LEADER | 00480nam a2200133Ia 4500 | ||
|---|---|---|---|
| 008 | 240404s9999||||xx |||||||||||||| ||und|| | ||
| 050 | 4 | |a H30 HAQ | |
| 100 | 1 | |a سليم عادل عبد الحق. | |
| 245 | 1 | 0 | |a روما والشرق الروماني |c سليم عادل عبد الحق |
| 264 | 1 | |a Dimashq |b almatbaeat alhashimiat |c 1959 | |
| 300 | |a 622 |c 25 | ||
| 490 | 0 | |a سلسلة محاضرات ألقيت في كلية الآداب من جامعة دمشق | |
| 942 | |2 lcc |c BK | ||
| 999 | |c 58153 |d 58153 | ||
